000
00200 a2200097 4500
001
57483
100
_a
245
_a
Training for leadership
260
_a
London
_b
MacDonald
_c
090
_c
35212
_d
35212
942
_a
NUST-CAE
_c
_c
28017
999
_c
292556
_d
292556